| 000 | 00629nam a2200217Ia 4500 | ||
|---|---|---|---|
| 008 | 191119s9999 xx 000 0 und d | ||
| 020 | _a978-621-406-180-8 | ||
| 050 | _aFIL Q 175.5 | ||
| 050 | _b.C66 2018 | ||
| 100 | _aContreras, Antonio P. | ||
| 245 | 0 | _aScience, technology, and society : | |
| 245 | 2 | _ba critical approach / | |
| 245 | 0 | _cAntonio P. Contreras, Dennis S. Erasga, Roberto E. Javier, Jr. | |
| 260 | _aPhilippines : | ||
| 260 | _bMindshapers, | ||
| 260 | _c2018 | ||
| 300 | _a204 pages : | ||
| 300 | _c23 cm. | ||
| 500 | _aIncludes bibliographic references. | ||
| 650 | _aScience -- Social aspects. | ||
| 999 |
_c363104 _d363104 |
||